000 00357nam a2200169Ia 4500
100 _aDevaraj/S
650 _aPhilosophy
942 _cBK
366 _f25
654 _ahappiness
245 _aYour happiness is in you
260 _bBetter Yourself Books
_aBandra
_c2005
082 _a170/DEV
_bDEV
300 _a128
546 _aENGLISH
999 _c26282
_d26282